Name the Coldplay Song - Statistics

General Stats
  • This quiz has been taken 1,217 times
  • The average score is 7 of 10
Answer Stats
Hint Answer % Correct
"I use to rule the world, seas would rise when I gave the word." Viva la Vida
97%
"Your skin, oh yeah your skin and bones. Turn in to something beautiful." Yellow
94%
"When you lose something you can't replace. When you love someone but it goes to waste." Fix You
93%
"When she was just a girl, she expected the world." Paradise
93%
"Come up to meet you, tell you I'm sorry, you don't know how lovely you are." The Scientist
91%
"The lights go out and I can't be saved." Clocks
80%
"Stole a key. Took a car downtown, where the lost boys meet." Charlie Brown
54%
"I turn the music up, I'm on a roll this time and heaven is in sight." Every teardrop is a waterfall
48%
"You can climb a ladder up to the sun or write a song nobody has sung." Talk
36%
"Carry your world, I'll carry your world." Atlas
28%
No matching quizzes found
Score Distribution
Percent of People with Each Score
Percentile by Number Answered
Your Score History
You have not taken this quiz